30 Gadgets For Lazy People! Quiz Stats

Quiz Updated Oct 15, 2017

Challenge
Share
Tweet
Score 0/30 Timer 07:00
6 Plays Today
% Correct
Bottle
99.6%
Washer
96.7%
Ball
96.5%
Snowball
95.9%
Whopper (hamburger)
95.2%
Banana
95%
Nail
95%
Page
94.4%
Silverware
94.1%
Glasses
94%
Tie
93.8%
Bed
93.7%
Tissue
93.2%
Skates
93.1%
Helmet
92.9%
% Correct
Stirrer
92.8%
Tea
92.7%
Ice Cream
92.6%
Jar
92.5%
Spaghetti
92.4%
Hand
92.4%
Popcorn
92.2%
Juice
91.9%
Corn
91.7%
Toothpaste
90.2%
Del (Delete)
89.9%
Potato
89.5%
Mop
88.7%
Chopsticks
86%
Spin
84%

You're not logged in!

Compare scores with friends on all Sporcle quizzes.
Sign Up with Email
OR
Log In

You Might Also Like...

Show Comments

Extras

Top Quizzes Today


Score Distribution

Your Account Isn't Verified!

In order to create a playlist on Sporcle, you need to verify the email address you used during registration. Go to your Sporcle Settings to finish the process.